000 01440cam a2200289 i 4500
003 SA-RiAUC
005 20250910130258.0
008 250906s1967 ua g 00010 ara c
040 _aSA-RiKAPL
_bara
_cSA-RiAUC
_erda
072 _a045
082 0 4 _a415.1
_qSA-RiAUC
090 _a415.1
_bف ر ا
100 1 _aالفراء، يحيى بن زياد بن عبد الله،
_d144-207 هجري
_eمؤلف.
245 1 2 _aالمنقوص والممدود /
_cأبو زكريا يحيى بن زياد بن عبد الله الفراء. التنبيهات / أبو القاسم علي بن حمزة البصري ؛ تحقيق عبد العزيز الميمني الراجكوتي.
264 1 _aالقاهرة :
_bدار المعارف،
_c1967
300 _a388 صفحة ؛
_c24 سم.
336 _aنص
_btxt
_2rdacontent
_3كتاب
337 _aبدون وسيط
_bn
_2rdamedia
338 _aمجلد
_bnc
_2rdacarrier
490 0 _aذخائر العرب ؛
_v41
650 7 _aاللغة العربية
_xنحو
_2aucsh
700 1 2 _iتحقيق لـ (عمل) :
_aالفراء، يحيى بن زياد بن عبد الله،
_d144-207 هجري.
_tالمنقوص والممدود.
700 1 _aالراجكوتي، عبد العزيز الميمني،
_d1888-1978
_eمحقق.
700 0 2 _iمع (عمل) :
_aعلي بن حمزة البصري،
_dتوفي 375 هجري
942 _2ddc
_cBOOK
_n0
949 _aSA-JeALM
_d250906
_umohamedma123
_n1
999 _c11586
_d11586